It's all in the plan (Record no. 74914)
[ view plain ]
| 000 -LEADER | |
|---|---|
| fixed length control field | 00850cab a2200205 4500 |
| 001 - CONTROL NUMBER | |
| control field | ABS68822 |
| 008 - FIXED-LENGTH DATA ELEMENTS--GENERAL INFORMATION | |
| fixed length control field | 050314n2005 000 0 eng u |
| 035 ## - SYSTEM CONTROL NUMBER | |
| System control number | (Sirsi) u129044 |
| 100 ## - MAIN ENTRY--PERSONAL NAME | |
| Personal name | Brown, C. |
| 245 ## - TITLE STATEMENT | |
| Title | It's all in the plan |
| 260 ## - PUBLICATION, DISTRIBUTION, ETC. | |
| Date of publication, distribution, etc. | 2005 |
| 490 ## - SERIES STATEMENT | |
| Series statement | Green Places |
| Volume/sequential designation | (13) March 2005, 19-20(2) |
| 520 ## - SUMMARY, ETC. | |
| Summary, etc. | Advocates and outlines development plans that country parks should have in place to take full advantage of new funding opportunities when they arise. Approaching a funding body with a well prepared plan in place will demonstrate commitment and improve the chances of gaining an award. Presents Staunton Country Park in Havant, Hampshire as a case study. |
| 590 ## - LOCAL NOTE (RLIN) | |
| Local note | ABS |
| 650 ## - SUBJECT ADDED ENTRY--TOPICAL TERM | |
| Topical term or geographic name entry element | COUNTRY PARKS |
| 650 ## - SUBJECT ADDED ENTRY--TOPICAL TERM | |
| Topical term or geographic name entry element | FUNDING |
| 650 ## - SUBJECT ADDED ENTRY--TOPICAL TERM | |
| Topical term or geographic name entry element | LOCAL DEVELOPMENT PLANS |
| 690 ## - LOCAL SUBJECT ADDED ENTRY--TOPICAL TERM (OCLC, RLIN) | |
| Topical term or geographic name as entry element | PROPERTY-PROPERTY DEVELOPMENT |
| 942 ## - ADDED ENTRY ELEMENTS (KOHA) | |
| Suppress in OPAC | 0 |
| Withdrawn status | Lost status | Source of classification or shelving scheme | Damaged status | Not for loan | Home library | Current library | Shelving location | Date acquired | Total Checkouts | Full call number | Barcode | Date last seen | Copy number | Price effective from | Koha item type |
|---|---|---|---|---|---|---|---|---|---|---|---|---|---|---|---|
| Dewey Decimal Classification | London | London | Journal article | 14/03/2005 | ABS68822 | 129044-1001 | 06/08/2019 | 1 | 06/08/2019 | Journal article |